Statistics for Real Housewives Trivia

Click here to take the quiz!

General Stats

  • This quiz has been taken 380 times
  • The average score is 8 of 11

Answer Stats

HintAnswer% Correct
Which location as the first to feature on the franchise?Orange County
93%
Who hosts the reunion shoes?Andy Cohen
90%
Name the Housewife of Beverley Hills mother to two now famous models.Yolanda Hadid
86%
Name the housewife who was sent to jail for committing fraud.Teresa Giudice
77%
Name the only original Real Housewife still featured on a show.Vicki Gunvalson
77%
Who famously created the Skinny Girl Cocktail?Bethenny Frankel
74%
Who is the highest paid Housewives star?Lisa Vanderpump
70%
Which housewife also starred in Glee?Nene Leakes
66%
Who did Tamra Judge refer to as 'Jesus Jugs'?Alexis Bellino
55%
Name the former TLC star.Kandi Burruss
52%
How many spin off shows have there been?16
41%

Score Distribution

Percentile by Number Answered

Percent of People with Each Score

Your Score History

You have not taken this quiz